Avoidance always better than cure (Record no. 117577)
[ view plain ]
| 000 -LEADER | |
|---|---|
| fixed length control field | 01204cam a2200241 4500 |
| 001 - CONTROL NUMBER | |
| control field | ABS67901 |
| 008 - FIXED-LENGTH DATA ELEMENTS--GENERAL INFORMATION | |
| fixed length control field | 040622n2004 000 0 eng u |
| 035 ## - SYSTEM CONTROL NUMBER | |
| System control number | (Sirsi) u126568 |
| 100 ## - MAIN ENTRY--PERSONAL NAME | |
| Personal name | Johnson, N. |
| 245 ## - TITLE STATEMENT | |
| Title | Avoidance always better than cure |
| 260 ## - PUBLICATION, DISTRIBUTION, ETC. | |
| Date of publication, distribution, etc. | 2004 |
| 490 ## - SERIES STATEMENT | |
| Series statement | Mind Your Own Business |
| Volume/sequential designation | 27(5) May 2004, 26(1) |
| 520 ## - SUMMARY, ETC. | |
| Summary, etc. | Gives advice on how to avoid or limit disputes occurring in the commercial sector. Disputes can be minimised by a company having in place formal documentation setting out in detail the basis of a company's trading relationship. Contracts giving standard terms and conditions should be drawn up with customers or suppliers of a company with a view to protecting its position. If a dispute occurs, proper legal advice should be sought as soon as possible as failure to do so can lead to the undermining of the company's case by failing to properly present itself at the crucial early stage. |
| 590 ## - LOCAL NOTE (RLIN) | |
| Local note | ABS |
| 590 ## - LOCAL NOTE (RLIN) | |
| Local note | ABS |
| 650 ## - SUBJECT ADDED ENTRY--TOPICAL TERM | |
| Topical term or geographic name entry element | DISPUTE RESOLUTION |
| 9 (RLIN) | 6236 |
| 650 ## - SUBJECT ADDED ENTRY--TOPICAL TERM | |
| Topical term or geographic name entry element | LITIGATION |
| 650 ## - SUBJECT ADDED ENTRY--TOPICAL TERM | |
| Topical term or geographic name entry element | CUSTOMER CONTRACTS |
| 650 ## - SUBJECT ADDED ENTRY--TOPICAL TERM | |
| Topical term or geographic name entry element | CONTRACTUAL DISPUTES |
| 650 ## - SUBJECT ADDED ENTRY--TOPICAL TERM | |
| Topical term or geographic name entry element | STANDARD TERMS |
| 690 ## - LOCAL SUBJECT ADDED ENTRY--TOPICAL TERM (OCLC, RLIN) | |
| Topical term or geographic name as entry element | Business and management |
| 9 (RLIN) | 6226 |
| 942 ## - ADDED ENTRY ELEMENTS (KOHA) | |
| Suppress in OPAC | 0 |
| Withdrawn status | Lost status | Source of classification or shelving scheme | Damaged status | Not for loan | Home library | Current library | Shelving location | Date acquired | Total Checkouts | Full call number | Barcode | Date last seen | Copy number | Price effective from | Koha item type |
|---|---|---|---|---|---|---|---|---|---|---|---|---|---|---|---|
| Dewey Decimal Classification | London | London | Journal article | 22/06/2004 | ABS67901 | 126568-1001 | 06/08/2019 | 1 | 06/08/2019 | Journal article |